000 00665nam a2200193Ia 4500
003 GCL
008 140319s9999 xx 000 0 ara d
040 _aGCL /
_cGCL
082 0 4 _a832
_bع ع
100 1 _aعبدالغفار مكاوى
245 1 0 _aعلامات على طريق المسرح التعبيرى /
_cعبدالغفار مكاوى
260 _a[S.N] :
_bالهيئة المصرية العامة للكتاب ،
_c1984
300 _a220 ص
490 _aدراسات ادبية
_v0
650 0 4 _aالادب الالمانى
650 0 4 _aتاريخ ونقد
650 0 4 _aالمسرحيات الالمانية المترجمة
942 _2ddc
_cBK
999 _c27729
_d27729